| 000 | 01460nam0a2200349 i 4500 | ||
|---|---|---|---|
| 001 | RU\NLR\BIBL_A\011321809 | ||
| 005 | 20241103125032.0 | ||
| 010 |
_a9785845919526 _9700 |
||
| 021 |
_aRU _b2017-935 _971 |
||
| 035 | _a(NLR Aleph) 011321809 | ||
| 090 |
_a11082806 _c11082806 |
||
| 100 | _a20170207d2017 m y0rusy50 ca | ||
| 101 | 1 |
_arus _ceng |
|
| 102 | _aRU | ||
| 105 | _aa z 001zy | ||
| 200 | 1 |
_aC++ для чайников _fСтефан Р. Дэвис _g[перевод с английского и редакция канд. техн. наук И. В. Красикова] |
|
| 205 | _a7-е изд. | ||
| 210 |
_aМосква [и др.] _cДиалектика _d2017 |
||
| 215 |
_a392 с. _cил. _d24 |
||
| 225 | 1 | _aВедь это так просто! | |
| 225 | 1 |
_a... для "чайников" _d... for dummies _eсерия компьютерных книг от Диалектики _zeng |
|
| 300 | _aЗагл. и авт. ориг.: C++ for dummies / by Stephen R. Davis | ||
| 313 | _aПо пред.изд. 2013г | ||
| 320 | _aПредм. указ.: с. 389-392 | ||
| 454 | 0 |
_12001#$aC++ for dummies _1700#1$aDavis$bS. R.$gStephen R. _tC++ for dummies _aDavis, Stephen R. |
|
| 606 |
_aC++, язык программирования _92072018 _3RU\NLR\AUTH\661246828 |
||
| 686 | 1 | _aЗ973.23-018.1 | |
| 700 | 1 |
_aДэвис _bС. Р. _gСтефан Рэнди |
|
| 942 | _cBOOK | ||
| 980 | _aNBR | ||